000 00636nam a2200265Ia 4500
005 20260121161442.0
008 008 260114s9999 xx 000 0 eng d
020 _a9781315846125
037 _aEBOOK
040 _aCRL
040 _beng
040 _cCRL
041 _2eng
041 _aeng
084 _qCRL
100 _aLanguage in Literature
_91045028
245 0 _aGeoffrey Leech
260 _bTaylor and Francis
260 _c2008
650 _aLanguage & Linguistics
_91045029
856 _uhttp://www.taylorfrancis.com/books/9781315846125
942 _cEBOOK
999 _c1610922
_d1610922